Determinación de estrategias para la mejora de la rentabilidad social del patrimonio histórico de la Comunidad de Madrid / (Record no. 12218)

MARC details
000 -LEADER
campo de control de longitud fija 00979nam a22002415i 4500
001 - NÚMERO DE CONTROL
campo de control 12218
003 - IDENTIFICADOR DE NÚMERO DE CONTROL
campo de control ES-MaACL
005 - FECHA Y HORA DE LA ÚLTIMA TRANSACCIÓN
campo de control 20230906150251.0
008 - DATOS DE LONGITUD FIJA--INFORMACIÓN GENERAL
campo de control de longitud fija 950314s1994 sp ||||0| spa
020 ## - NÚMERO INTERNACIONAL ESTÁNDAR DEL LIBRO
Número Internacional Estándar del Libro 84-8155-038-8
080 ## - NÚMERO DE LA CLASIFICACIÓN DECIMAL UNIVERSAL
Número de la Clasificación Decimal Universal 351.852/.853(460.27)
100 1# - ENTRADA PRINCIPAL--NOMBRE DE PERSONA
Nombre de persona Benítez de Lugo Enrich, Luis.
9 (RLIN) 27631
245 10 - MENCIÓN DEL TÍTULO
Título Determinación de estrategias para la mejora de la rentabilidad social del patrimonio histórico de la Comunidad de Madrid /
Mención de responsabilidad, etc. Luis Benítez de Lugo Enrich, Juana Ibáñez Fúnez, Elena Rodríguez San Julián.
260 ## - PUBLICACIÓN, DISTRIBUCIÓN, ETC.
Lugar de publicación, distribución, etc. Madrid :
Nombre del editor, distribuidor, etc. Dykinson,
Fecha de publicación, distribución, etc. [1994]
300 ## - DESCRIPCIÓN FÍSICA
Extensión 190 p. :
Otras características físicas gráf. ;
Dimensiones 24 cm.
504 ## - NOTA DE BIBLIOGRAFÍA, ETC.
Nota de bibliografía, etc. Bibliografía: p. 159-169.
594 ## - Nota al título y mención de responsabilidad
Nota al título y mención de responsabilidad En port.: Asociación Contexto.
650 14 - PUNTO DE ACCESO ADICIONAL DE MATERIA--TÉRMINO DE MATERIA
Término de materia o nombre geográfico como elemento de entrada Patrimonio cultural-
Subdivisión general Protección-
Subdivisión geográfica Madrid (Comunidad Autónoma)
9 (RLIN) 171255
700 1# - ENTRADA AGREGADA--NOMBRE PERSONAL
Nombre de persona Ibáñez Fúnez, Juana.
9 (RLIN) 64925
700 1# - ENTRADA AGREGADA--NOMBRE PERSONAL
Nombre de persona Rodríguez San Julián, Elena.
9 (RLIN) 98794
710 2# - ENTRADA AGREGADA--NOMBRE DE ENTIDAD CORPORATIVA
Nombre de entidad corporativa o nombre de jurisdicción como elemento de entrada Asociación Contexto (Madrid)
9 (RLIN) 1523
852 ## - LOCALIZACIÓN
Ubicación ES-MaACL
Número de control de estantería L-19568
Holdings
Estatus retirado Estado de pérdida Estado de daño No para préstamo Biblioteca de origen Biblioteca actual Ubicación en estantería Fecha de adquisición Fuente de adquisición Total de préstamos Signatura topográfica completa Código de barras Visto por última vez Precio de reemplazo Tipo de ítem Koha
        Biblioteca del Ateneo de Madrid Biblioteca del Ateneo de Madrid Depósito 2 17/01/2008     L-19568 1012450 23/02/2023 23/02/2023 Libro impreso